[Event "Sheikh Russel GM 2021"]
[Site "Dhaka"]
[Date "2021.10.25"]
[Round "7.7"]
[White "Haznedaroglu, Kivanc"]
[Black "Sumets, Andrey"]
[Result "1/2-1/2"]
[WhiteElo "2438"]
[BlackElo "2497"]
[Annotator "TA"]
[PlyCount "85"]
[EventDate "2021.10.19"]
[EventType "swiss"]
[EventCountry "BAN"]
[SourceTitle "playchess.com"]
[Source "ChessBase"]
[SourceQuality "1"]

{[%evp 13,85,-21,-10,-11,-14,-12,-17,-18,-25,-25,0,-3,7,-34,-20,-26,-33,-29,-38,-26,-19,-23,-21,-50,-49,-45,-45,-53,-49,-74,-67,-87,-69,-66,-14,-71,-25,-63,-27,-30,-26,-31,-38,-25,-29,-29,-26,-36,-32,-33,-25,-32,-36,-45,-41,-34,-47,-191,-183,-500,-488,-492,-492,-394,-23,-23,-23,-23,-21,-18,-17,-17,-18,-25]} 1. d4 Nf6 2. c4 e6 3. Nc3 Bb4 4. e3 O-O 5. Nge2 d5 6. a3 Bd6 7. cxd5 exd5 8. Ng3 {E46: Nimzo-Indian: Rubinstein: 4 e3 0-0 5 Ne2 without early Bd3.} c6 9. Bd3 Re8 10. Qc2 Nbd7 11. O-O Nf8 12. f3 {[#]} c5 $146 ({Predecessor:} 12... Ne6 13. Bd2 c5 14. Nce2 cxd4 15. exd4 Qb6 16. Bc3 Bd7 17. Qd2 Bb5 18. Bxb5 Qxb5 {0-1 (58) Talla,V (2386)-Cvek,R (2516) Czech Republic 2013}) 13. Nb5 c4 14. Bf5 Bxg3 15. hxg3 a6 16. Nc3 Bxf5 17. Qxf5 h5 18. Qc2 b5 19. Qf2 Qd7 20. Bd2 a5 21. Ne2 Ng6 22. Rae1 Reb8 23. Ra1 Qf5 (23... Ne7 $15) 24. Rfc1 (24. Qe1 $11) 24... Qd3 25. Nc3 {[%cal Be2c3,Bc3a4,Ba4c5][%mdl 32]} b4 26. Na4 Nd7 27. axb4 axb4 28. Bxb4 Qb3 $1 {[%cal Rb3b4]} ({Don't go for} 28... Rxb4 $2 29. Nc5 $18) 29. Nc5 Qxb4 30. Nxd7 Rxa1 31. Rxa1 Qxb2 32. Qxb2 Rxb2 $11 {[%mdl 4096] Endgame KRN-KRN} 33. Ra8+ Kh7 {Strongly threatening ...c3.} 34. Kh2 Ne7 {...c3 is the strong threat.} 35. e4 ({White should play} 35. Re8 $15 Nf5 36. g4 (36. Re5 $2 c3 $19) 36... hxg4 37. fxg4) 35... c3 $19 {And now ...c2 would win.} 36. Ra3 $2 {[#]} (36. Ra5) 36... c2 $1 {[%cal Rc2c1]} 37. Rc3 dxe4 38. fxe4 {[#]} Rb4 $2 (38... f5 $1 $19 39. Nc5 fxe4 40. Nxe4 Nd5) 39. Ne5 $11 Rxd4 40. Nxf7 Rd2 41. Ng5+ {The position is equal.} Kg6 42. Nf3 Re2 43. Kg1 {Weighted Error Value: White=0.26/Black=0.25} 1/2-1/2

[Event "Sheikh Russel GM 2021"]
[Site "Dhaka"]
[Date "2021.10.25"]
[Round "7.8"]
[White "Krasenkow, Michal"]
[Black "Ulybin, Mikhail"]
[Result "1-0"]
[WhiteElo "2578"]
[BlackElo "2443"]
[Annotator "TA"]
[PlyCount "94"]
[EventDate "2021.10.19"]
[EventType "swiss"]
[EventCountry "BAN"]
[SourceTitle "playchess.com"]
[Source "ChessBase"]
[SourceQuality "1"]

{[%evp 13,94,54,65,45,32,47,32,38,31,26,33,28,36,18,32,35,40,0,12,22,30,11,30,22,28,31,43,37,37,13,6,12,89,100,72,62,100,60,56,56,54,63,61,61,81,75,77,59,93,48,57,71,114,72,114,94,102,52,105,104,112,110,133,77,112,98,95,87,247,247,386,384,384,376,416,416,416,416,409,386,551,522,460]} 1. d4 e6 2. c4 Nf6 3. Nf3 c5 4. d5 exd5 5. cxd5 d6 6. e4 g6 7. Bd3 Bg7 8. h3 {E10: Blumenfeld Gambit.} O-O 9. O-O c4 10. Bc2 {White is slightly better.} b5 11. Be3 {was the old line (11.Nd4).} a5 {[#]} 12. Nbd2 $146 ({Predecessor:} 12. Bd4 Nbd7 13. Re1 Nh5 14. Bxg7 Kxg7 15. Qd4+ Qf6 16. Qxf6+ Kxf6 17. Nbd2 Ba6 18. Re3 {½-½ (24) Vliet,E (2213)-Sisak,R (2162) ICCF email 2018}) 12... Ba6 13. Re1 Re8 14. Rc1 Nbd7 {[%cal Bb8d7,Bd7e5,Be5d3][%mdl 32]} 15. Bb1 Rc8 16. Nd4 Ne5 17. f4 Nxd5 18. exd5 Nd3 19. Nc6 Rxe3 20. Rxe3 Qb6 21. Nf1 Re8 {[%cal Re8e3]} 22. Qd2 Rxe3 (22... Nxc1 $11 {remains equal.} 23. Qxc1 Bb7) 23. Nxe3 $16 Nxc1 24. Qxc1 Bb7 25. Kh2 {Hoping for a4.} Bxc6 26. dxc6 Qxc6 27. Qd2 Qc5 28. b3 c3 29. Qd3 Bd4 30. Nf1 d5 31. Ng3 Be3 32. Ne2 b4 33. f5 Qc7+ 34. Kh1 Qe5 35. Ng1 Bc5 (35... Bf2 $14 36. Nf3 Qf4) 36. Nf3 Qf4 37. Bc2 ({Reject} 37. Qxd5 $6 Qc1+ 38. Kh2 Qf4+ 39. g3 Qe3 $11) 37... Qd6 38. Qe2 ({White should play} 38. Qb5) 38... Kg7 39. Qe5+ Qxe5 40. Nxe5 Bb6 $2 {This move loses the game for Black.} (40... gxf5 $16 41. g3 (41. Bxf5 $2 Kf6 $19 {[%mdl 64] Double Attack}) 41... Bd6) 41. f6+ $1 $18 Kg8 (41... Kh8 $142 42. Nd7 (42. Nxf7+ Kg8 $18) 42... Bf2) 42. g4 Bd4 {[#]} 43. Nd7 h5 44. gxh5 gxh5 45. Kg2 Be3 46. Kf3 Bg5 (46... Bd4 $142 47. Kf4 Kh8) 47. Bf5 Kh8 {Weighted Error Value: White=0.11/Black=0.25} 1-0

[Event "Sheikh Russel GM 2021"]
[Site "Dhaka"]
[Date "2021.10.25"]
[Round "7.9"]
[White "Solodovnichenko, Yuri"]
[Black "Rahman, Ziaur"]
[Result "1/2-1/2"]
[WhiteElo "2577"]
[BlackElo "2431"]
[Annotator "TA"]
[PlyCount "134"]
[EventDate "2021.10.19"]
[EventType "swiss"]
[EventCountry "BAN"]
[SourceTitle "playchess.com"]
[Source "ChessBase"]
[SourceQuality "1"]

{[%evp 10,134,21,20,15,9,23,23,16,15,29,31,26,24,28,18,13,5,15,12,39,40,32,2,38,44,36,42,35,35,37,38,49,37,70,70,62,67,82,81,78,83,86,77,78,67,103,101,92,95,102,57,61,18,25,27,27,24,34,35,41,-12,0,0,38,46,50,33,56,30,35,13,22,0,33,0,0,0,37,46,44,8,8,8,7,8,60,52,55,8,8,8,8,8,8,8,8,8,8,8,8,8,8,8,8,8,18,8,8,8,8,8,8,0,8,8,8,8,8,8,8,0,8,8,8,8,8]} 1. e4 c6 2. Nc3 d5 3. d4 dxe4 4. Nxe4 Nf6 5. Nxf6+ exf6 6. Bc4 Na6 {B15: Caro-Kann: 3 Nc3: 3...g6 and 3...dxe4 4 Nxe4 Nf6 5 Nxf6+ exf6.} 7. Nf3 Nc7 8. O-O Be7 {White has an edge.} 9. h3 O-O 10. Re1 {[#]} Bd6 $146 ({Predecessor:} 10... a5 11. a4 Bd6 12. c3 Re8 13. Rxe8+ Qxe8 14. Qc2 Be6 15. Bxe6 Qxe6 16. Bd2 g6 {1-0 (27) Karthikeyan,M (2630)-Sasikiran,K (2640) Chess.com INT 2021}) 11. Bd3 Be6 12. Nd2 Re8 13. Ne4 Bf8 14. Nc5 Bxc5 15. dxc5 Nd5 {[%cal Bc7d5,Bd5f6,Bf6e4][%mdl 32]} 16. Qh5 f5 (16... g6 $5 {[%cal Rg6h5]} 17. Qf3 Nb4 $11) 17. Bd2 ({Wrong is} 17. Bxf5 $2 g6 $19) 17... Nf6 18. Qh4 Ne4 19. Qxd8 Rexd8 20. Be3 Rd5 21. Bf1 f4 22. Bxf4 Nxc5 23. Be3 {And now c4 would win.} Na4 24. c4 Rd7 25. b3 Nb2 26. Re2 Nd3 27. Rd2 Nb4 {[#]} 28. Rxd7 $1 Bxd7 29. Rd1 Be6 30. a3 Nc2 31. Bc1 c5 32. Rd6 Nd4 33. b4 b6 34. bxc5 bxc5 35. Ra6 (35. Bf4 $14) 35... Bc8 (35... Rb8 $5 36. Be3 $8 Rb1 $11) 36. Rd6 {[%cal Rd6d8] [#]} Be6 37. Bf4 a5 38. Bd3 a4 39. Kh2 h6 40. Rb6 Rd8 {With the idea ...Nf3+!} 41. Rd6 {[%cal Rd6d8]} Ra8 42. g4 g5 43. Be3 Nf3+ 44. Kg3 Ne5 45. Be2 Bxc4 46. Bd1 Bb3 47. Bxc5 Rc8 ({Black should play} 47... Bxd1 $11 48. Rxd1 Rb8) 48. Bd4 $1 $14 {[%cal Rd4e5]} Nc6 49. Be3 Bxd1 {The position is equal.} 50. Rxd1 $11 {[%mdl 4096] Endgame KRB-KRN} Ne5 51. Rd5 Nc4 52. Rc5 Rxc5 53. Bxc5 {KB-KN} f6 54. Kf3 Kf7 55. Ke4 Ke6 56. Bf8 Nd2+ 57. Ke3 Nc4+ 58. Kd4 Ne5 59. Ke4 Nc4 60. Bb4 Ne5 61. Bf8 Nc4 62. f4 gxf4 63. Kxf4 Kf7 $1 {[%cal Rf7f8]} 64. Bb4 Kg6 65. Ke4 h5 66. gxh5+ Kxh5 67. Be7 Kh4 {Weighted Error Value: White=0.09/Black=0.07} 1/2-1/2

[Event "Sheikh Russel GM 2021"]
[Site "Dhaka"]
[Date "2021.10.25"]
[Round "7.10"]
[White "Malakhatko, Vadim"]
[Black "Rios, Cristhian Camilo"]
[Result "1/2-1/2"]
[WhiteElo "2444"]
[BlackElo "2457"]
[Annotator "TA"]
[PlyCount "27"]
[EventDate "2021.10.19"]
[EventType "swiss"]
[EventCountry "BAN"]
[SourceTitle "playchess.com"]
[Source "ChessBase"]
[SourceQuality "1"]

{[%evp 12,27,5,6,11,11,16,0,5,0,28,9,45,-7,-7,-22,-8,-13]} 1. d4 d5 2. c4 e6 3. Nf3 Nf6 4. Nc3 Bb4 5. Qa4+ Nc6 6. a3 Bxc3+ 7. bxc3 O-O {D38: Queen's Gambit Declined: Ragozin Defence (4 Nf3 Bb4).} 8. Bg5 h6 9. Bh4 Bd7 {[#] aiming for ...Nxd4!} 10. Qc2 dxc4 11. e4 {And now e5 would win.} Ne7 {[#]} (11... g5 $5 {[%cal Rg5h4]} 12. Bg3 b5 $11) 12. Ne5 $146 ({White should play} 12. Bxf6 $14 gxf6 13. Bxc4) ({Predecessor:} 12. Bxf6 gxf6 13. Bxc4 Ng6 14. Qd2 Kh7 15. h4 Bc6 16. Bd3 e5 17. d5 Bd7 18. g3 {0-1 (33) Shaydullina,S (2112)-Muminova,N (2321) Khanty-Mansiysk 2014}) 12... c5 $11 13. Rd1 Qc7 14. Bxf6 {An uneventful encounter.  Weighted Error Value: White=0.19/Black=0.11} 1/2-1/2

[Event "Sheikh Russel GM 2021"]
[Site "Dhaka"]
[Date "2021.10.25"]
[Round "7.11"]
[White "Vignesh N R"]
[Black "Koustav Chatterjee"]
[Result "0-1"]
[WhiteElo "2453"]
[BlackElo "2431"]
[Annotator "TA"]
[PlyCount "122"]
[EventDate "2021.10.19"]
[EventType "swiss"]
[EventCountry "BAN"]
[SourceTitle "playchess.com"]
[Source "ChessBase"]
[SourceQuality "1"]

{[%evp 10,122,7,0,0,0,0,0,0,-2,-1,0,0,-14,-11,-17,0,0,0,-7,0,-31,0,0,0,0,0,-8,0,0,0,0,6,0,0,0,27,20,24,0,21,0,0,0,3,0,13,0,0,-2,0,0,0,-10,-10,-10,0,-6,-7,-3,-15,-21,-18,-17,-9,-15,-15,-16,-18,-13,-25,-22,-25,-43,-43,-93,-100,-88,-111,-195,-211,-200,-188,-199,-194,-189,-182,-251,-280,-552,-519,-1271,-1271,-1108,-979,-1086,-1134,-1328,-1213,-1213,-1316,-1302,-1297,-1260,-1238,-1190,-1122,-29968,-29967,-29975,-29973,-29968,-5364,-5181,-4134]} 1. d4 Nf6 2. c4 e6 3. Nc3 Bb4 4. Qc2 O-O 5. Nf3 d5 6. Bg5 dxc4 {E32: Nimzo-Indian: Classical (4 Qc2): 4...0-0.} 7. e4 h6 8. Bxf6 Qxf6 {The position is equal.} 9. Bxc4 c5 {[#]} 10. e5 $146 ({Predecessor:} 10. a3 Bxc3+ 11. bxc3 cxd4 12. cxd4 Nc6 13. Rd1 Rd8 14. Qc3 b6 15. O-O Bb7 16. Qe3 {0-1 (41) Drnovsek,G (2421)-Leisch,L (2313) Graz 2019}) 10... Qe7 11. O-O cxd4 12. Nb5 a6 13. Nbxd4 b5 14. Bd3 Bb7 15. Bh7+ Kh8 16. Be4 Ra7 17. Rac1 Ba5 18. Bxb7 Rxb7 19. Nc6 Nxc6 20. Qxc6 Bb6 21. Rfd1 Rfb8 22. g3 Kg8 23. Kg2 a5 24. Rc3 Qb4 25. Rb3 (25. Rd2 {seems wilder.} a4 26. Rcc2 Qa5 27. Qe4 Qa7 28. Nd4) 25... Qc5 26. Qxc5 Bxc5 27. Rbd3 Kf8 (27... Rc8 {looks sharper.} 28. Nd2 Be7 29. Ne4 Kf8 30. f4 Rbc7) 28. Rd8+ Rxd8 29. Rxd8+ $11 {[%mdl 4096] Endgame KRB-KRN} Ke7 30. Rc8 Ba7 31. Rc6 (31. Rc2 {keeps more tension.} Kd8 32. Nd2 Rc7 33. Rxc7 Kxc7 34. f4) 31... Kd7 32. Rd6+ Ke7 33. Ra6 (33. Rc6 {is interesting.}) 33... Bb6 34. Ra8 Kd7 35. Kf1 Kc6 36. Rg8 g6 37. Rh8 Kd5 38. Ke2 a4 39. Rxh6 Rc7 40. Kd3 Rc1 {aiming for ...Rd1+.} 41. Rh7 Rd1+ 42. Kc2 Rf1 {Black keeps a firm grip on the game.} 43. Rxf7 Rxf2+ 44. Kc3 {[#]} (44. Kb1 $17) 44... Bd4+ $1 $19 {[%mdl 576] Pin} 45. Kd3 {[#]} Bc5 $1 (45... Bxb2 46. Rd7+ Kc5 47. Ke3 $11) 46. Ng5 {Black should prevent Rxf2.} Rxb2 47. Ne4 {[#]} Bb4 (47... Rxh2 48. Nc3+ Kxe5 49. Rb7 $15) 48. Rf4 (48. Rf2 $142 Rxf2 49. Nxf2) 48... a3 {[%cal Ba4a3,Ba3a2][%mdl 32]} ({Not} 48... Rxh2 49. Nf6+ Kc5 50. Nd7+ Kc6 51. Nb8+ Kb7 52. Rxb4 $15) ({Resist} 48... Kxe5 49. Rg4 $17) 49. Nf6+ $2 (49. Rf2) 49... Kc6 50. Ng4 (50. Rg4 $142 Rd2+ 51. Ke3) 50... Rd2+ 51. Ke3 Rxa2 {White must now prevent ...Bd2+.} 52. Rxb4 {KRN-KR} Rb2 53. Rd4 a2 54. Rd6+ Kb7 55. Rd7+ Kb6 56. Rd6+ Ka5 57. Rd8 Rb3+ 58. Kd2 Ra3 ({Don't go for} 58... Rb2+ $2 59. Kc3 $18) 59. Ra8+ Kb4 60. Rxa3 Kxa3 61. Ne3 Kb2 {Weighted Error Value: White=0.20/Black=0.02} 0-1

[Event "Sheikh Russel GM 2021"]
[Site "Dhaka"]
[Date "2021.10.25"]
[Round "7.12"]
[White "Harikrishnan.A.Ra"]
[Black "Aronyak Ghosh"]
[Result "1/2-1/2"]
[WhiteElo "2429"]
[BlackElo "2445"]
[Annotator "TA"]
[PlyCount "42"]
[EventDate "2021.10.19"]
[EventType "swiss"]
[EventCountry "BAN"]
[SourceTitle "playchess.com"]
[Source "ChessBase"]
[SourceQuality "1"]

{[%evp 15,31,0,0,0,0,0,0,0,0,0,0,0,0,0,0,0,0,0]} 1. d4 d5 2. c4 e6 3. Nf3 Nf6 4. Nc3 c6 5. e3 Nbd7 6. Qc2 Bd6 7. b3 O-O 8. Bb2 e5 {The position is equal.} 9. dxe5 {D45: Semi-Slav: 5 e3.} Nxe5 10. O-O-O {[%cal Rc3d5]} Qe7 11. Nxe5 Bxe5 12. cxd5 cxd5 13. Nxd5 Bxb2+ 14. Kxb2 Nxd5 15. Rxd5 Qf6+ 16. Kb1 {[#] An uneventful encounter.  Weighted Error Value: White=0.00/Black=0.00} {Predecessor:} Be6 $146 17. Rd4 Rac8 18. Qd2 Qg6+ 19. Qd3 Qf6 20. Qd2 Qg6+ 21. Qd3 Qf6 {½-½ (21) Avrukh,B (2588)-Savchenko,S (2583) Antwerp 1999} 1/2-1/2

[Event "Sheikh Russel GM 2021"]
[Site "Dhaka"]
[Date "2021.10.25"]
[Round "7.13"]
[White "Tiviakov, Sergei"]
[Black "Abdisalimov, Abdimalik"]
[Result "1-0"]
[WhiteElo "2600"]
[BlackElo "2406"]
[Annotator "TA"]
[PlyCount "95"]
[EventDate "2021.10.19"]
[EventType "swiss"]
[EventCountry "BAN"]
[SourceTitle "playchess.com"]
[Source "ChessBase"]
[SourceQuality "1"]

{[%evp 16,95,27,6,27,32,33,42,44,43,45,46,52,42,52,46,54,52,52,52,52,51,41,44,53,53,66,75,71,54,68,68,116,116,116,109,116,111,119,127,146,130,134,125,151,127,158,164,168,158,163,156,165,159,153,152,172,172,172,172,173,169,167,159,181,181,177,174,200,189,195,175,175,152,198,200,223,218,239,221,210,208]} 1. e4 {CB} c5 2. Nc3 d6 3. Nge2 Nf6 4. g3 g6 5. Bg2 Bg7 6. d4 cxd4 7. Nxd4 O-O 8. O-O a6 9. b3 Nc6 {B91: Sicilian Najdorf: 6 g3.} 10. Nxc6 bxc6 11. Bb2 Qa5 {White is slightly better.} 12. Na4 Bg4 {[#]} 13. f3 $146 ({Predecessor:} 13. Qe1 Qh5 14. f3 Bh3 15. g4 Qh6 16. Rd1 g5 17. Bc1 Bxg2 18. Kxg2 Qg6 19. h4 gxh4 20. Qxh4 {0-1 (50) Carlsen,M (2855)-Nakamura,H (2787) Bilbao 2016 CBM 174 [CB]}) 13... Bd7 14. e5 Nd5 {Black wants to play ...Ne3.} 15. Qe1 Qc7 16. c4 {[#] Qf2 is the strong threat.} Qa7+ 17. Rf2 Ne3 18. c5 $1 $36 {[%mdl 2048] White has some pressure.} Nxg2 19. Kxg2 dxc5 20. Rc1 Be6 21. Nxc5 Bd5 22. Bd4 Qc7 23. Qe3 f6 {[%cal Rf6e5] [#] White now steadily converts the win.} 24. Ne6 $1 {[%mdl 512]} Bxe6 25. exf6 {[%mdl 64] Discovered Attack} Bh3+ {[%mdl 64] Decoy} 26. Kxh3 Qd7+ 27. Kg2 Bxf6 28. Bxf6 Rxf6 29. Re1 Kf7 30. Rd2 Qe6 31. Qf2 {White is clearly better.} Qf5 32. Rde2 Re8 33. Re4 Qd7 34. Qc5 Kf8 35. Qc4 Qf5 36. R1e3 Rd8 {intending ...Rd2+.} 37. Qb4 c5 38. Qc3 Qd5 39. Re2 ({Much less strong is} 39. Rxe7 $6 Qd2+ 40. Qxd2 Rxd2+ 41. Kh3 Rxf3 $14) 39... Qd3 40. Qxd3 (40. Qxc5 Qxf3+ 41. Kh3 Rf7 $11) 40... Rxd3 41. Rxe7 Rfxf3 42. Rxh7 $18 {[%mdl 4096] Endgame KRR-KRR} Rf7 43. Rh8+ Kg7 44. Rc8 Rc3 45. Rc6 a5 46. Ra6 c4 47. Rc6 ({Not} 47. Rxa5 cxb3 48. axb3 Rxb3 $16) 47... Rff3 48. Rxc4 {Weighted Error Value: White=0.03/Black=0.10} 1-0

[Event "Sheikh Russel GM 2021"]
[Site "Dhaka"]
[Date "2021.10.25"]
[Round "7.14"]
[White "Shahil Dey"]
[Black "Deepan Chakkravarthy J."]
[Result "1/2-1/2"]
[WhiteElo "2398"]
[BlackElo "2535"]
[Annotator "TA"]
[PlyCount "94"]
[EventDate "2021.10.19"]
[EventType "swiss"]
[EventCountry "BAN"]
[SourceTitle "playchess.com"]
[Source "ChessBase"]
[SourceQuality "1"]

{[%evp 10,94,63,61,55,47,55,48,29,10,17,1,14,21,17,16,6,3,7,3,8,6,9,8,9,13,10,10,41,13,36,7,22,14,16,10,21,0,6,0,0,0,9,0,0,0,0,0,0,-20,0,0,0,0,20,0,66,54,50,0,0,0,0,0,0,0,0,0,0,0,0,0,0,0,0,0,0,0,0,0,0,-4,0,0,0,-29,0]} 1. e4 e6 2. d4 d5 3. Nd2 dxe4 4. Nxe4 Nf6 5. Nxf6+ gxf6 6. Nf3 Nc6 {C10: French with 3 Nc3: Unusual Black 3rd moves and 3...dxe4.} 7. Be3 Qd7 8. c3 b6 {White is slightly better.} 9. Qa4 {[#] Threatens to win with Bb5.} Bb7 10. Ba6 {[#]} Na5 $146 ({Predecessor:} 10... O-O-O 11. Bxb7+ Kxb7 12. b4 Nxd4 13. b5 Nxf3+ 14. gxf3 Rg8 15. h4 c5 16. Qb3 Qd5 17. Qxd5+ Rxd5 {0-1 (58) Heyartz,W (1693)-Kull,F (1973) Playchess.com INT 2021}) 11. Qxd7+ Kxd7 12. Bxb7 Nxb7 13. O-O-O h5 14. g3 c6 15. Rhe1 Rd8 16. Kc2 Kc7 17. Bf4+ Bd6 18. Bc1 b5 19. h4 a6 20. Nd2 c5 21. Ne4 Be7 22. Be3 {[%cal Rd4c5]} cxd4 23. Bxd4 e5 24. Be3 Rxd1 25. Rxd1 f5 {[#]} 26. Bg5 $1 Bxg5 (26... Re8 {is interesting.} 27. Bxe7 fxe4 28. Bg5 Kc6 29. a4 bxa4 30. Ra1 Kb5) (26... fxe4 27. Bxe7) 27. Nxg5 $11 {[%mdl 4096] Endgame KRN-KRN} f6 {[%cal Rf6g5]} 28. Ne6+ Kc6 29. f4 Nd6 30. fxe5 fxe5 31. Re1 e4 32. Rf1 Nc4 (32... Rg8 $11) 33. Nd4+ $14 Kd7 {...Ne3+ is the strong threat.} 34. Kc1 (34. Nxf5 {feels hotter.} Rf8 35. Kc1 a5 36. Rf4 Ne5 37. Kd2) 34... Nd6 35. Nxf5 Nxf5 36. Rxf5 $11 {KR-KR} Ke6 37. Rf2 Ke5 38. Re2 Rf8 39. Kd2 Rd8+ 40. Ke3 Rd3+ 41. Kf2 Rf3+ 42. Kg2 a5 43. Rd2 b4 44. Rc2 Rd3 45. Kf2 Rf3+ 46. Kg2 Rd3 47. Kf2 Rf3+ {Weighted Error Value: White=0.06/Black=0.07} 1/2-1/2

[Event "Sheikh Russel GM 2021"]
[Site "Dhaka"]
[Date "2021.10.25"]
[Round "7.15"]
[White "Srijit Paul"]
[Black "Debashis, Das"]
[Result "1-0"]
[WhiteElo "2332"]
[BlackElo "2501"]
[Annotator "TA"]
[PlyCount "91"]
[EventDate "2021.10.19"]
[EventType "swiss"]
[EventCountry "BAN"]
[SourceTitle "playchess.com"]
[Source "ChessBase"]
[SourceQuality "1"]

{[%evp 12,91,17,4,1,7,3,8,14,-21,47,47,68,49,52,56,58,68,61,65,53,0,8,7,12,-4,-6,-3,16,13,25,35,71,66,64,74,61,72,78,100,138,137,143,75,138,118,113,103,148,152,186,173,208,217,204,189,218,227,220,234,231,214,222,200,220,229,216,242,545,510,506,260,409,451,682,713,970,969,955,931,5418,5414]} 1. e4 e5 2. Nf3 Nc6 3. Bb5 Nf6 4. d3 Bc5 5. c3 O-O 6. O-O d6 7. Nbd2 Ne7 {C65: Ruy Lopez: Berlin Defence (3...Nf6), unusual lines and 4 0-0 Bc5.} 8. d4 exd4 9. cxd4 Bb6 {The position is equal.} 10. Bd3 Ng6 (10... Bg4 $11) 11. Nc4 $14 d5 12. Nxb6 axb6 13. e5 Ne4 14. Ne1 f5 15. f3 Ng5 {[#]} 16. Bxg5 $146 ({Predecessor:} 16. Be3 Ne6 17. f4 c5 18. Nc2 c4 19. Be2 Ne7 20. a3 Nc6 21. Qd2 b5 22. Bf3 {1-0 (49) Andriasian,Z (2585)-Liang,A (2572) Chess.com INT 2018}) 16... Qxg5 17. Qc2 c5 {Strongly threatening ...c4.} 18. Qf2 Nf4 {[#] Hoping for ...Nh3+.} 19. Kh1 Ne6 20. f4 Qe7 21. Nc2 $1 Ra4 {[%cal Re6d4]} 22. Ne3 Nxd4 23. Nxd5 Qd8 24. Nc3 Ra5 25. Bc4+ Kh8 26. Rfd1 Qe8 27. Ne2 (27. b4 $142 cxb4 28. Nd5 (28. Qxd4 bxc3 29. Qxb6 Ra4 $16)) 27... Nxe2 ({Black should play} 27... Be6) 28. Qxe2 b5 29. Bd5 $36 {[%mdl 2048] White is in control.} Ra6 30. Rac1 c4 31. b3 cxb3 32. axb3 Be6 33. h3 Bxd5 34. Rxd5 Rc6 35. Rcd1 Rc7 36. Rxb5 Qe7 37. Qd3 h6 38. Rd5 Kh7 39. Rd7 Qc5 {[#]} (39... Rxd7 {is more resistant.} 40. Qxd7 Qxd7 41. Rxd7 b5) 40. e6 $18 Rc6 41. Re1 Re8 (41... Qf2 {is a better defense.} 42. Rf1 Qc2) 42. e7 Rg6 (42... Rf6 $142 43. Re3 Rf7) 43. Qd2 Rb6 44. Re5 Qa3 45. Qc2 g6 46. Qc4 {Weighted Error Value: White=0.13/Black=0.35} 1-0

[Event "Sheikh Russel GM 2021"]
[Site "Dhaka"]
[Date "2021.10.25"]
[Round "7.16"]
[White "Savchenko, Stanislav"]
[Black "Zubarev, Alexander"]
[Result "0-1"]
[WhiteElo "2473"]
[BlackElo "2395"]
[Annotator "TA"]
[PlyCount "70"]
[EventDate "2021.10.19"]
[EventType "swiss"]
[EventCountry "BAN"]
[SourceTitle "playchess.com"]
[Source "ChessBase"]
[SourceQuality "1"]

{[%evp 10,70,18,4,8,18,12,0,0,0,4,0,0,-33,-27,-44,0,-22,0,0,0,0,0,0,0,0,0,0,0,0,0,0,0,0,0,0,0,-32,-25,-60,-60,-52,-61,-54,-68,-114,-121,-79,-65,-79,-81,-277,-270,-256,-269,-239,-185,-573,-572,-29980,-29981,-29981,-29983]} 1. Nf3 Nf6 2. c4 e6 3. g3 d5 4. Bg2 d4 5. O-O c5 6. e3 Nc6 {A13: English Opening: 1...e6.} 7. exd4 cxd4 8. Re1 Bd6 {The position is equal.} 9. d3 O-O $1 {9...0-0 scores better than 9...h6.} 10. Na3 h6 11. Nb5 Bb8 12. Bd2 {[#]} a6 $146 ({Predecessor:} 12... e5 13. b4 Bf5 14. Qb3 Re8 15. Rad1 Qd7 16. Na3 Bc7 17. c5 a5 18. b5 Nb4 {1-0 (66) Popov,V (2535)-Kardashevskiy,E (2428) Sochi 2019}) 13. Na3 Bd6 14. Rc1 e5 15. c5 Bc7 16. Nc4 {[%cal Rc4e5]} Re8 17. b4 Bf5 $1 {[%cal Rf5d3]} 18. a4 Bxd3 19. b5 $1 {[%cal Rb5c6]} axb5 20. axb5 e4 $1 21. bxc6 bxc6 ({Worse is} 21... exf3 22. cxb7 fxg2 23. Rxe8+ Qxe8 24. bxa8=N $18) 22. Nh4 Ra2 23. Bh3 Qd5 24. Nb6 Bxb6 25. cxb6 Qb5 26. Nf5 {Black must now prevent Nd6.} Qxb6 27. Bf1 Bxf1 28. Rxf1 e3 29. fxe3 dxe3 30. Bxe3 {This move loses the game for White.} (30. Rb1 $17 {was forced.} e2+ 31. Rxb6 exd1=R 32. Rxd1) 30... Rxe3 $19 31. Nxe3 Qxe3+ 32. Kh1 Re2 $40 {[%mdl 128] ( -> ...Qe4+). Black goes for the king.} 33. Rc4 {[#]} (33. Rc3 {is a better chance.} Qe4+ 34. Rcf3) 33... Ne4 $1 {[%cal Re4f2] Hoping for ...Nf2+.} 34. Qd4 {[#] next Qxe3 is good for White.} Nxg3+ $1 35. hxg3 Qxg3 {[%csl Ge2][%cal Rg3h2] Weighted Error Value: White=0.60/Black=0.05} 0-1